|
|
|
|
| LEADER |
00675nab a2200193 i 4500 |
| 001 |
publ30781 |
| 005 |
20240506151814.0 |
| 008 |
240506s2007 hu o 000 hun d |
| 022 |
|
|
|a 1418-6721
|
| 024 |
7 |
|
|a 34836272
|2 mtmt
|
| 040 |
|
|
|a SZTE Publicatio Repozitórium
|b hun
|
| 041 |
|
|
|a hun
|
| 100 |
2 |
|
|a Ladóczky-Hulló Daniella
|
| 245 |
1 |
2 |
|a A törések kockázatának fokozódása 1-es és 2-es típusú diabetes mellitusban
|h [elektronikus dokumentum] /
|c Ladóczky-Hulló Daniella
|
| 260 |
|
|
|c 2007
|
| 300 |
|
|
|a 8-13
|
| 490 |
0 |
|
|a CA ÉS CSONT
|v 10 No. 1
|
| 650 |
|
4 |
|a Klinikai orvostan
|
| 856 |
4 |
0 |
|u http://publicatio.bibl.u-szeged.hu/30781/1/HulloDCaCsont2007.pdf
|z Dokumentum-elérés
|